000 00307nam a22001337a 4500
008 171202b xxu||||| |||| 00| 0 eng d
020 _a9780125004527
041 _aeng
080 _a004
100 _a29
101 _aSHKI
245 _aINTRODUCTION TO MULTIMEDIA SYSTEMS
_cBHATNAGER, G
942 _2udc
_cBK
999 _c38725
_d38725